<?xml version="1.0" encoding="UTF-8"?>
<record
    xmlns:xsi="http://www.w3.org/2001/XMLSchema-instance"
    xsi:schemaLocation="http://www.loc.gov/MARC21/slim http://www.loc.gov/standards/marcxml/schema/MARC21slim.xsd"
    xmlns="http://www.loc.gov/MARC21/slim">

  <leader>02803cam a22003134a 4500</leader>
  <controlfield tag="001">16062465</controlfield>
  <controlfield tag="003">OSt</controlfield>
  <controlfield tag="005">20231024123014.0</controlfield>
  <controlfield tag="008">100119s2011    njua     b    001 0 eng  </controlfield>
  <datafield tag="010" ind1=" " ind2=" ">
    <subfield code="a">  2010000641</subfield>
  </datafield>
  <datafield tag="016" ind1="7" ind2=" ">
    <subfield code="a">101522978</subfield>
    <subfield code="2">DNLM</subfield>
  </datafield>
  <datafield tag="020" ind1=" " ind2=" ">
    <subfield code="a">1292027851</subfield>
  </datafield>
  <datafield tag="040" ind1=" " ind2=" ">
    <subfield code="c">KABU</subfield>
  </datafield>
  <datafield tag="042" ind1=" " ind2=" ">
    <subfield code="a">pcc</subfield>
  </datafield>
  <datafield tag="050" ind1="0" ind2="0">
    <subfield code="a">RT84.5</subfield>
    <subfield code="b">.N89 2014</subfield>
  </datafield>
  <datafield tag="245" ind1="0" ind2="0">
    <subfield code="a">Nursing theories :</subfield>
    <subfield code="b">the base for professional nursing practice /</subfield>
    <subfield code="c">edited by Julia B. George.</subfield>
  </datafield>
  <datafield tag="250" ind1=" " ind2=" ">
    <subfield code="a">6th ed.</subfield>
  </datafield>
  <datafield tag="260" ind1=" " ind2=" ">
    <subfield code="a">Upper Saddle River, N.J. :</subfield>
    <subfield code="b">Pearson Education,</subfield>
    <subfield code="c">2014.</subfield>
  </datafield>
  <datafield tag="300" ind1=" " ind2=" ">
    <subfield code="a">ii, 695 p. </subfield>
  </datafield>
  <datafield tag="504" ind1=" " ind2=" ">
    <subfield code="a">Includes bibliographical references and index.</subfield>
  </datafield>
  <datafield tag="505" ind1="0" ind2="0">
    <subfield code="t">An introduction to nursing theory /</subfield>
    <subfield code="r">Janet S. Hickman --</subfield>
    <subfield code="t">Nursing theory and clinical practice /</subfield>
    <subfield code="r">Julia B. George --</subfield>
    <subfield code="t">Environmental model : Florence Nightingale /</subfield>
    <subfield code="r">Marie L. Lobo --</subfield>
    <subfield code="t">Interpersonal relations in nursing : Hildegard E. Peplau /</subfield>
    <subfield code="r">Janice Ryan Belcher --</subfield>
    <subfield code="t">Definition and components of nursing : Virginia Henderson /</subfield>
    <subfield code="r">Marie L. Lobo --</subfield>
    <subfield code="t">Self-care deficit nursing theory : Dorothea E. Orem /</subfield>
    <subfield code="r">Peggy Coldwell Foster --</subfield>
    <subfield code="t">Behavioral system model : Dorothy E. Johnson /</subfield>
    <subfield code="r">Marie L. Lobo --</subfield>
    <subfield code="t">Nursing process discipline : Ida Jean Orlando /</subfield>
    <subfield code="r">Julia B. George --</subfield>
    <subfield code="t">Other theories from the 1950s and 1960s /</subfield>
    <subfield code="r">Peggy Coldwell Foster --</subfield>
    <subfield code="t">The conservation principles : a model for health : Myra E. Levine /</subfield>
    <subfield code="r">Julia B. George --</subfield>
    <subfield code="t">Conceptual system and theory of goal attainment : Imogene M. King /</subfield>
    <subfield code="r">Julia B. George --</subfield>
    <subfield code="t">Science of unitary human beings : Martha E. Rogers /</subfield>
    <subfield code="r">Maryanne Garon --</subfield>
    <subfield code="t">Roy adaptation model : Sister Callista Roy /</subfield>
    <subfield code="r">Julia Gallagher Galbreath --</subfield>
    <subfield code="t">The Neuman systems model : Betty Neuman /</subfield>
    <subfield code="r">Julia B. George --</subfield>
    <subfield code="t">Other theories from the 1970s /</subfield>
    <subfield code="r">Julia B. George --</subfield>
    <subfield code="t">Theory of culture care diversity and universality : Madeleine M. Leininger /</subfield>
    <subfield code="r">Julia B. George --</subfield>
    <subfield code="t">Health as expanding consciousness : Margaret Newman /</subfield>
    <subfield code="r">Julia B. George --</subfield>
    <subfield code="t">Theory of transpersonal caring : Jean Watson / Brenda P. Johnson and Jane H. Kelley --</subfield>
    <subfield code="t">Human becoming school of thought : Rosemarie Rizzo Parse / Janet S. Hickman --</subfield>
    <subfield code="t">The modeling and role-modeling theory : Erickson, Tomlin, and Swain /</subfield>
    <subfield code="r">Noreen Cavan Frisch and Susan Stanwyck Bowman --</subfield>
    <subfield code="t">Health promotion model : Nola J. Pender /</subfield>
    <subfield code="r">Julia B. George --</subfield>
    <subfield code="t">Philosophy of caring and expert nursing practice : Patricia Benner /</subfield>
    <subfield code="r">Bobbe Ann Gray --</subfield>
    <subfield code="t">Other theories of the 1980s /</subfield>
    <subfield code="r">Julia B. George and Janet S. Hickman --</subfield>
    <subfield code="t">Other nursing theories from the 1990s /</subfield>
    <subfield code="r">Janet Hickman and Julia B. George.</subfield>
  </datafield>
  <datafield tag="650" ind1=" " ind2="0">
    <subfield code="a">Nursing</subfield>
    <subfield code="x">Philosophy.</subfield>
  </datafield>
  <datafield tag="650" ind1="1" ind2="2">
    <subfield code="a">Nursing Theory.</subfield>
  </datafield>
  <datafield tag="650" ind1="2" ind2="2">
    <subfield code="a">Models, Nursing.</subfield>
  </datafield>
  <datafield tag="700" ind1="1" ind2=" ">
    <subfield code="a">George, Julia B.</subfield>
  </datafield>
  <datafield tag="906" ind1=" " ind2=" ">
    <subfield code="a">7</subfield>
    <subfield code="b">cbc</subfield>
    <subfield code="c">orignew</subfield>
    <subfield code="d">1</subfield>
    <subfield code="e">ecip</subfield>
    <subfield code="f">20</subfield>
    <subfield code="g">y-gencatlg</subfield>
  </datafield>
  <datafield tag="942" ind1=" " ind2=" ">
    <subfield code="2">lcc</subfield>
    <subfield code="c">BK</subfield>
  </datafield>
  <datafield tag="999" ind1=" " ind2=" ">
    <subfield code="c">20350</subfield>
    <subfield code="d">20349</subfield>
  </datafield>
  <datafield tag="952" ind1=" " ind2=" ">
    <subfield code="0">0</subfield>
    <subfield code="1">0</subfield>
    <subfield code="2">lcc</subfield>
    <subfield code="7">0</subfield>
    <subfield code="a">KABU</subfield>
    <subfield code="b">KABU</subfield>
    <subfield code="d">2023-10-24</subfield>
    <subfield code="g">12401.00</subfield>
    <subfield code="l">0</subfield>
    <subfield code="o">RT84.5 .N89 2014 c.1</subfield>
    <subfield code="p">34374</subfield>
    <subfield code="r">2023-10-24 00:00:00</subfield>
    <subfield code="w">2023-10-24</subfield>
    <subfield code="y">BK</subfield>
  </datafield>
</record>
